000 00759nam a2200229Ii 4500
003 JO-AjNU
008 230605s9999||||xx |||||||||||||| ||und||
017 _a1425/3235
020 _a9960-46-111-4
040 _aJO-AjNU
_bara
_erda
_cJO-AjNU
041 _aara
050 1 4 _aHD58.9.H55 2005
100 3 _aتاليف الحمصي، رفعت,
_eauthor
_950351
245 0 0 _aكيف يمكن زيادة الفعالية في اداء الشركات: رؤيا بانورامية لحل المشاكل
250 _aط1
264 3 1 _aد.م: المؤلف، 2005
300 _a84ص
336 _atext
_btxt
_2rdacontent
337 _aunmediated
_bn
_2rdamedia
338 _avolume
_bnc
_2rdacarrier
650 4 _aالشركات - اداء - مشكلات
_950352
999 _aA22174
_c25742
_d25742